00649nam a2200193Ia 4500008004100000020001500041082001700056100001700073245005500090250000700145260003400152300002900186500001900215600002100234650005000255942000700305952012800312999001500440240925s9999 xx 000 0 und d a067232069x a005.2762 LAI aLair, Robert 0aPure ASP.Net: a code intensine preminum reference  aNA aNew Delhi:bTechmediac,2002. axiii,254p.bNAfOriginal aIncludes Index aComputer Science aComputer science, information & general works cBK 001040708CSaUITUbUITUd2002-10-09eVanguard Booksg306.00l0o005.2762 LAIpQ4649r2024-09-25 07:13:35w2024-09-25yBK c7148d7148